000 00831nam a2200253Ia 4500
003 OSt
005 20220923221910.0
006 a|||||r|||| 00| 0
007 ta
008 220922b |||||||| |||| 00| 0 urd d
024 _a200,936
037 _cTextual
040 _aARTS
_cARTS
_burd
041 _2urd
_aurd
082 _aO168,1L97:g, 152J7
100 _aगौड, कृष्णदेवप्रसाद
245 0 _aगालिब की कविता
246 _aGālib kī kavitā
260 _aवाराणसी
_b प्रसाद परिषद प्र0
_c1956
300 _a474पृ0
_ccm.
650 _aउर्दू साहित्य
942 _hO168,1L97:g, 152J7
_cTEXL
_2CC
999 _c352599
_d352599